000 03017nam a2200325 a 4500
001 81366
003 BD-RjUL
005 20230510122315.0
008 230510s2012 njuaf b 001 0 eng
020 _a9781118071779 (hbk.) :
020 _a1118071778 (hbk.) :
035 _a(BD-RjUL)81366
040 _aStDuBDS
_beng
_cStDuBDS
_dUk
_dBD-RjUL
041 _aeng
082 0 0 _223
_a338.4791
_bGOT 2012
100 1 0 _aGoeldner, Charles R.
_97384
245 1 0 _aTourism :
_bprinciples, practices, philosophies /
_cCharles R. Goeldner, J.R. Brent Ritchie.
250 _a12th ed.
260 _aHoboken, NJ :
_bWiley,
_cc2012.
300 _axviii, 494 p., [32] p. of plates :
_bill. (some col.) ;
_c29 cm.
500 _aFormerly CIP.
504 _aIncludes bibliographical references and index.
505 0 _a1. Tourism overview -- Tourism in perspective -- Tourism through the ages -- Career opportunities --2. How tourism is organized -- World, national, regional, and other organizations -- Passenger transportation -- Hospitality and related services -- Organizations in the distribution process -- Attraction, entertainment, recreation, and other tourist draws -- 3. Understanding travel behavior -- Motivation for pleasure travel -- Cultural and international tourism for life's enrichment -- Sociology of tourism -- 4. Tourism supply, demand, policy, planning, and development -- Tourism components and supply -- Measuring and forecasting demand -- Tourism's economic impact -- Tourism policy: structure, content, and process -- Tourism planning, development, and social considerations -- Tourism and the environment -- 5. Essential of tourism research and marketing -- Travel and tourism research -- Tourism marketing -- 6. Tourism prospects -- Tourism's future.
520 _a"The 12th Edition of Tourism: Principles, Practices, Philosophies explores major concepts in tourism, what makes tourism possible, and how tourism can become an important factor in the wealth of any nation. It is written in global terms, making it appropriate not only in the US but also for our subsidiary markets. It provides an overview of the principles, practices, and philosophies that affect the cultural, social, economic, psychological, and marketing aspects of human travel and the tourism industry. It looks at all aspects of the industry that serves travelers.The 12th Edition is an overall update of this leading comprehensive tourism text. Because the tourism industry changes so rapidly, the revision involves adding new developments, updating data, updating profiles, expanding some sectors, adding new web sites, adding selected references, and expanding the glossary. B&Bs, time share, meetings and conventions, sustainable tourism, climate change, social media, mobile marketing are some topics given expanded coverage in this new 12th Edition"--Provided by publisher.
650 0 _aTourism.
700 1 _aRitchie, J. R. Brent.
_97385
942 _2ddc
_cBK
999 _c81366
_d81366